[Event "Calgary int."]
[Site "Calgary CAN"]
[Date "2023.12.30"]
[Round "9"]
[White "Doknjas, Neil"]
[Black "Khodjimatov, Sherzod"]
[Result "1-0"]
[WhiteElo "2255"]
[BlackElo "2131"]
[PlyCount "51"]
[EventDate "2023.12.26"]
[EventType "swiss"]
[EventRounds "9"]
[EventCountry "CAN"]

1. e4 e5 2. Nf3 Nc6 3. Bb5 a6 4. Ba4 Nge7 5. c3 Ng6 6. d4 exd4 7. Nxd4 Be7 8.
O-O O-O 9. f4 b5 10. Bc2 Bb7 11. Be3 d6 12. Nd2 Re8 13. Qh5 Bf6 14. Rad1 Qc8
15. N4f3 Nd8 16. f5 Ne5 17. Nxe5 dxe5 18. g4 g6 19. Qh6 Bg7 20. Qh4 c5 21. f6
Bf8 22. Rf3 Qe6 23. Rh3 h6 24. Rf1 Bc8 25. Rf5 Qb6 26. Bxh6 1-0

[Event "Calgary int."]
[Site "Calgary CAN"]
[Date "2023.12.30"]
[Round "9"]
[White "Findlay, Ian"]
[Black "Vasic, Maxim"]
[Result "1/2-1/2"]
[WhiteElo "2126"]
[BlackElo "2007"]
[PlyCount "84"]
[EventDate "2023.12.26"]
[EventType "swiss"]
[EventRounds "9"]
[EventCountry "CAN"]

1. e4 c6 2. d4 d5 3. Nc3 dxe4 4. Nxe4 Nf6 5. Nxf6+ exf6 6. Be3 Bd6 7. Bd3 O-O
8. Ne2 Re8 9. O-O Nd7 10. c4 c5 11. Nc3 cxd4 12. Bxd4 Ne5 13. Be2 Nc6 14. Be3
Be5 15. Qxd8 Rxd8 16. Rac1 Nd4 17. Rfd1 Nxe2+ 18. Nxe2 Bg4 19. f3 Bf5 20. Nd4
Bg6 21. f4 Bh5 22. Rd2 Bc7 23. h3 Re8 24. Nb5 Ba5 25. Rd3 Bg6 26. Ra3 Rad8 27.
Rxa5 Rxe3 28. Nc3 Rd2 29. Rd5 Rxd5 30. cxd5 Rd3 31. Rd1 Rxd1+ 32. Nxd1 Be4 33.
Nc3 Bd3 34. Kf2 Kf8 35. g3 Ke7 36. Ke3 Bf1 37. h4 f5 38. b4 Kd6 39. a4 b6 40.
Kd4 a6 41. Nd1 g6 42. Nc3 b5 1/2-1/2

[Event "Calgary int."]
[Site "Calgary CAN"]
[Date "2023.12.30"]
[Round "9"]
[White "Malek, Omid"]
[Black "Tolentino, Patrick Angelo"]
[Result "1/2-1/2"]
[WhiteElo "2032"]
[BlackElo "2102"]
[PlyCount "55"]
[EventDate "2023.12.26"]
[EventType "swiss"]
[EventRounds "9"]
[EventCountry "CAN"]

1. e4 c6 2. d4 d5 3. exd5 cxd5 4. Bf4 Nc6 5. c3 Nf6 6. Nd2 Bf5 7. Ngf3 e6 8.
Qb3 Qc8 9. Nh4 Bg4 10. h3 Bh5 11. Bd3 Be7 12. Nhf3 Bg6 13. Bxg6 hxg6 14. Ne5
Nd7 15. Nd3 a6 16. a4 Na5 17. Qc2 Nc4 18. Nf3 b6 19. O-O O-O 20. Rfe1 b5 21.
Nfe5 Ncxe5 22. Nxe5 Nxe5 23. Bxe5 b4 24. Re3 Qb7 25. b3 Rac8 26. c4 dxc4 27.
bxc4 Bf6 28. Bxf6 1/2-1/2

[Event "Calgary int."]
[Site "Calgary CAN"]
[Date "2023.12.30"]
[Round "9"]
[White "Soberov, Emil"]
[Black "Gomez Garrido, Camillo Ernesto"]
[Result "1/2-1/2"]
[WhiteElo "2150"]
[BlackElo "2481"]
[PlyCount "20"]
[EventDate "2023.12.26"]
[EventType "swiss"]
[EventRounds "9"]
[EventCountry "CAN"]

1. e4 e5 2. Nf3 Nf6 3. Nc3 Nc6 4. Bb5 Bb4 5. O-O O-O 6. Nd5 Nxd5 7. exd5 Nd4 8.
Nxd4 exd4 9. c3 dxc3 10. dxc3 Bc5 1/2-1/2

[Event "Calgary int."]
[Site "Calgary CAN"]
[Date "2023.12.30"]
[Round "9"]
[White "Yam, Alex"]
[Black "Komarov, Dimitri"]
[Result "0-1"]
[WhiteElo "2211"]
[BlackElo "2455"]
[PlyCount "128"]
[EventDate "2023.12.26"]
[EventType "swiss"]
[EventRounds "9"]
[EventCountry "CAN"]

1. d4 Nf6 2. Bf4 d5 3. e3 c5 4. c3 Nc6 5. Nd2 Bf5 6. Ngf3 Qb6 7. Nh4 Bd7 8. Qb3
c4 9. Qc2 Nh5 10. b3 cxb3 11. Qxb3 Nxf4 12. exf4 e6 13. Nhf3 Rc8 14. Qxb6 axb6
15. Rb1 Na5 16. Rxb6 Rxc3 17. Be2 Rc6 18. Rxc6 Nxc6 19. O-O Bb4 20. Nb3 Ke7 21.
a4 Rc8 22. Rb1 f6 23. Kf1 Rc7 24. g3 Be8 25. Bd3 Nd8 26. Bb5 Bg6 27. Rc1 Rxc1+
28. Nxc1 Nf7 29. Bd3 Bh5 30. Ne1 Nd6 31. Nc2 Bc3 32. Ne2 Ba5 33. Na3 Be8 34.
Bc2 Bb4 35. Nb1 Nc4 36. Nec3 Bh5 37. Bd1 Bg6 38. Ke2 Nb2 39. Bb3 Nc4 40. Kd1
Ba5 41. Kc1 Nd6 42. Bc2 Bb6 43. Ne2 Nf5 44. Bxf5 Bxf5 45. Nbc3 Bd3 46. Kd2 Bc4
47. Nb5 h5 48. f3 Ba5+ 49. Nec3 Bb3 50. Kd3 Kd7 51. h3 Bc4+ 52. Ke3 Bf1 53. h4
f5 54. Ne2 Bxe2 55. Kxe2 Bb4 56. g4 g6 57. gxf5 gxf5 58. Kd1 Be7 59. Ke2 Bxh4
60. Ke3 Be1 61. Ke2 Bg3 62. Ke3 h4 63. Nc3 h3 64. Ne2 Bh4 0-1

[Event "Carnaval"]
[Site "Quebec CAN"]
[Date "2023.02.10"]
[Round "1"]
[White "Coulombe, David"]
[Black "Adam, Rafael"]
[Result "0-1"]
[WhiteElo "1398"]
[BlackElo "2179"]
[PlyCount "56"]
[EventDate "2023.02.10"]
[EventType "swiss"]
[EventRounds "5"]
[EventCountry "CAN"]

1. e4 c6 2. d4 d5 3. f3 Qb6 4. Nc3 dxe4 5. fxe4 e5 6. Nf3 exd4 7. Qxd4 Qxd4 8.
Nxd4 Nf6 9. h3 Bb4 10. Bd3 Nbd7 11. Bd2 O-O 12. O-O-O Re8 13. a3 Bf8 14. g4 Ne5
15. Rhf1 b5 16. Bf4 Bb7 17. Bxe5 Rxe5 18. Nf3 Re7 19. e5 Nd7 20. Bf5 Nxe5 21.
Nxe5 Rxe5 22. Rd7 Re7 23. Rfd1 Rae8 24. Ne4 Rxd7 25. Rxd7 Bc8 26. Rd4 Bxf5 27.
gxf5 c5 28. Nd6 Re1+ 0-1

[Event "Carnaval"]
[Site "Quebec CAN"]
[Date "2023.02.10"]
[Round "1"]
[White "Latorre, Vincent"]
[Black "Pichette, Mickaelin"]
[Result "1-0"]
[WhiteElo "2196"]
[BlackElo "1907"]
[PlyCount "109"]
[EventDate "2023.02.10"]
[EventType "swiss"]
[EventRounds "5"]
[EventCountry "CAN"]

1. e4 c5 2. Nf3 e6 3. d4 d5 4. exd5 exd5 5. dxc5 Bxc5 6. Bd3 Nf6 7. O-O O-O 8.
Nbd2 Nc6 9. c3 Bg4 10. h3 Bh5 11. Nb3 Bb6 12. Bg5 Qd6 13. Bh4 Rad8 14. Re1 Qf4
15. Bg5 Qg3 16. Be3 Qc7 17. Bxb6 Qxb6 18. Be2 Ne4 19. Nfd4 Bg6 20. Rf1 a5 21.
Nxc6 bxc6 22. Qd4 c5 23. Qa4 Ra8 24. c4 d4 25. Rfe1 Nd6 26. Bf3 Ra7 27. Re5 Rc8
28. Rae1 f6 29. Bd5+ Kf8 30. R5e2 Bf7 31. Bxf7 Kxf7 32. Nc1 Qb4 33. Qxb4 axb4
34. b3 Rca8 35. Nd3 Rc7 36. g3 f5 37. f3 g6 38. Re5 Nb7 39. R5e2 Rd8 40. Nf4
Rb8 41. Nd5 Rd7 42. Re7+ Rxe7 43. Rxe7+ Kf8 44. Rxh7 Re8 45. Rxb7 d3 46. Rd7
Re1+ 47. Kf2 Re2+ 48. Kf1 Rxa2 49. Nf4 d2 50. Ke2 Rb2 51. Rxd2 Rxb3 52. Ne6+
Kf7 53. Nxc5 Rc3 54. Nd3 b3 55. Rb2 1-0

[Event "Carnaval"]
[Site "Quebec CAN"]
[Date "2023.02.10"]
[Round "1"]
[White "Wiebe, Isaac"]
[Black "Courtemanche, Marc"]
[Result "1-0"]
[WhiteElo "2195"]
[BlackElo "1808"]
[PlyCount "165"]
[EventDate "2023.02.10"]
[EventType "swiss"]
[EventRounds "5"]
[EventCountry "CAN"]

1. Nf3 c5 2. c4 Nc6 3. Nc3 Nf6 4. d4 cxd4 5. Nxd4 g6 6. g3 Bg7 7. Bg2 O-O 8.
O-O Qb6 9. Nc2 d6 10. b3 Bf5 11. Bb2 Rac8 12. Ne3 Be6 13. Rb1 Rfd8 14. Ncd5
Bxd5 15. Nxd5 Nxd5 16. Qxd5 Bxb2 17. Rxb2 e6 18. Qg5 Qc5 19. Qh4 b5 20. Bxc6
Qxc6 21. cxb5 Qxb5 22. Rd2 Rd7 23. Rfd1 Rcd8 24. Qf6 Qf5 25. Qxf5 gxf5 26. f4
Kf8 27. Kf2 Ke7 28. Rc2 Rb8 29. Rc6 h5 30. h4 Rb5 31. Rc8 Kf6 32. Rh8 Kg6 33.
Rc1 Ra5 34. Rc2 e5 35. Rg8+ Kf6 36. Rg5 e4 37. Rxh5 d5 38. Rh6+ Kg7 39. Rhc6 d4
40. a4 Rad5 41. Ke1 Rb7 42. Rb2 d3 43. Rc3 a5 44. exd3 exd3 45. Rd2 Re7+ 46.
Kf2 Red7 47. Kf3 Kg6 48. Rc6+ Kh5 49. Rb6 Rc7 50. Rb8 Rc1 51. Ke3 Re1+ 52. Kf2
Re4 53. Rc8 Kg6 54. Rc6+ Kh5 55. Rb6 Kg4 56. Rb7 Rc5 57. Rd7 Re2+ 58. Rxe2 dxe2
59. Rd3 Rc2 60. Re3 Rb2 61. Ke1 Kh3 62. h5 Kg4 63. h6 Rb1+ 64. Kxe2 Rh1 65. Re5
Rxh6 66. Rxa5 Rc6 67. b4 Rc4 68. b5 Rb4 69. Ra7 Kxg3 70. Kd3 Kxf4 71. Kc3 Rb1
72. Rxf7 Ke4 73. Kc4 f4 74. Re7+ Kf5 75. a5 f3 76. Rf7+ Ke4 77. a6 Ra1 78. Kc5
Ke3 79. Kb6 Ra4 80. a7 f2 81. Kb7 Rf4 82. Rxf4 Kxf4 83. a8=Q 1-0

[Event "Carnaval"]
[Site "Quebec CAN"]
[Date "2023.02.11"]
[Round "2"]
[White "Belanger, Mathieu-Olivier"]
[Black "Courtemanche, Marc"]
[Result "1-0"]
[WhiteElo "1972"]
[BlackElo "1808"]
[PlyCount "55"]
[EventDate "2023.02.10"]
[EventType "swiss"]
[EventRounds "5"]
[EventCountry "CAN"]

1. e4 c5 2. Nf3 d6 3. c3 Nf6 4. Be2 Nc6 5. d4 cxd4 6. cxd4 e6 7. Nc3 Be7 8. O-O
O-O 9. Bf4 d5 10. e5 Ne4 11. Bd3 f5 12. exf6 Bxf6 13. Nxe4 dxe4 14. Bxe4 Nxd4
15. Be3 e5 16. Bxd4 exd4 17. Qd3 g6 18. Rad1 Qb6 19. b3 Be6 20. Rfe1 Rae8 21.
h4 Re7 22. Ng5 Kg7 23. Qg3 Qa5 24. Nxh7 Bf5 25. Nxf8 Bxe4 26. Rxe4 Rxe4 27.
Qxg6+ Kxf8 28. Qxf6+ 1-0

[Event "Carnaval"]
[Site "Quebec CAN"]
[Date "2023.02.11"]
[Round "2"]
[White "Drolet, Stephane"]
[Black "Hudon, Claude"]
[Result "1-0"]
[WhiteElo "2129"]
[BlackElo "1956"]
[PlyCount "95"]
[EventDate "2023.02.10"]
[EventType "swiss"]
[EventRounds "5"]
[EventCountry "CAN"]

1. d4 Nf6 2. Nf3 g6 3. c4 Bg7 4. Nc3 d5 5. Bg5 c6 6. e3 O-O 7. h3 Qa5 8. Bxf6
Bxf6 9. cxd5 cxd5 10. a3 Nc6 11. b4 Qd8 12. Qb3 e5 13. dxe5 Nxe5 14. Nxe5 Bxe5
15. Rd1 Qg5 16. Ne2 Qf6 17. Nd4 Be6 18. Be2 Rad8 19. O-O Rfe8 20. Rd2 Bb8 21.
Qd1 Bc8 22. Re1 Re5 23. Bf1 Rh5 24. g4 Bxg4 25. hxg4 Qh4 26. f4 Qh1+ 27. Kf2
Rh2+ 28. Kg3 Rxd2 29. Qxd2 Re8 30. Nf3 Qh6 31. Bg2 Re4 32. Ne5 g5 33. Bxe4 Qh4+
34. Kf3 dxe4+ 35. Kxe4 Bxe5 36. fxe5 Qxg4+ 37. Kd3 Qf5+ 38. e4 Qxe5 39. Kc2 h6
40. Re2 Qa1 41. Qc3 Qa2+ 42. Kd3 Qb1+ 43. Qc2 Qa1 44. Qc8+ Kh7 45. Qc3 Qd1+ 46.
Ke3 Qg1+ 47. Kd2 Qb1 48. e5 1-0

[Event "Carnaval"]
[Site "Quebec CAN"]
[Date "2023.02.11"]
[Round "2"]
[White "Nicula, Marius"]
[Black "Deboosere, Adam"]
[Result "1-0"]
[WhiteElo "2218"]
[BlackElo "1864"]
[PlyCount "75"]
[EventDate "2023.02.10"]
[EventType "swiss"]
[EventRounds "5"]
[EventCountry "CAN"]

1. Nf3 c5 2. g3 Nc6 3. Bg2 e5 4. d3 d5 5. O-O Be7 6. Nbd2 Qc7 7. e4 d4 8. a4
Be6 9. Nc4 h5 10. Ng5 Bg4 11. f3 Bd7 12. f4 f6 13. Nf3 O-O-O 14. Bd2 Nh6 15. a5
Rdg8 16. Nh4 g6 17. f5 gxf5 18. Bxh6 Rxh6 19. exf5 Rg5 20. Be4 Bd8 21. Qf3 Kb8
22. Ra3 Ne7 23. Bxb7 Qxb7 24. Rb3 Qxb3 25. cxb3 Bc6 26. Qe2 Bc7 27. Nd2 Rg4 28.
Ne4 Nd5 29. Ng2 Bxa5 30. Nxc5 Bb6 31. Ne4 Rh8 32. Nxf6 Nxf6 33. Qxe5+ Bc7 34.
Qxf6 Rhg8 35. Qxc6 h4 36. f6 hxg3 37. f7 gxh2+ 38. Kh1 1-0

[Event "Carnaval"]
[Site "Quebec CAN"]
[Date "2023.02.11"]
[Round "2"]
[White "Pichette, Mickaelin"]
[Black "Berube, Antoine"]
[Result "0-1"]
[WhiteElo "1907"]
[BlackElo "2166"]
[PlyCount "62"]
[EventDate "2023.02.10"]
[EventType "swiss"]
[EventRounds "5"]
[EventCountry "CAN"]

1. d4 d5 2. c4 e6 3. cxd5 exd5 4. Nc3 c6 5. f3 Bd6 6. g3 Ne7 7. e4 Be6 8. Bd3
Nd7 9. Qc2 h5 10. Nge2 dxe4 11. fxe4 Nb6 12. O-O h4 13. e5 Bc7 14. Bg5 hxg3 15.
hxg3 Nbd5 16. Ne4 Nb4 17. Qd2 Nxd3 18. Qxd3 Bxe5 19. Nc5 Qd5 20. Nxe6 fxe6 21.
Qe3 Rh1+ 22. Kf2 Rh2+ 23. Ke1 Bc7 24. Nc3 Ba5 25. Bxe7 Kxe7 26. Qf4 Rxb2 27.
Qf7+ Kd6 28. Qf4+ e5 29. dxe5+ Qxe5+ 30. Qxe5+ Kxe5 31. Rc1 Rh8 0-1

[Event "Carnaval"]
[Site "Quebec CAN"]
[Date "2023.02.11"]
[Round "3"]
[White "Adam, Rafael"]
[Black "Migot, Tangi"]
[Result "1/2-1/2"]
[WhiteElo "2179"]
[BlackElo "2386"]
[PlyCount "99"]
[EventDate "2023.02.10"]
[EventType "swiss"]
[EventRounds "5"]
[EventCountry "CAN"]

1. Nf3 c5 2. c4 Nc6 3. d4 cxd4 4. Nxd4 Nf6 5. Nc3 g6 6. e4 d6 7. Be2 Bg7 8. Be3
O-O 9. Rc1 Bd7 10. O-O Nxd4 11. Bxd4 Bc6 12. f3 Nd7 13. Be3 a5 14. b3 Nc5 15.
Qd2 Qb6 16. Nd5 Bxd5 17. cxd5 Qb4 18. Rc2 Rfb8 19. Rfc1 b5 20. Qxb4 axb4 21.
Bd2 Bd4+ 22. Kf1 Na6 23. Rc6 Bc5 24. e5 Kg7 25. Bf4 Rd8 26. exd6 exd6 27. Bxb5
Nb8 28. Rc7 Rxa2 29. Bg3 Na6 30. Rc6 Nb8 31. Rc7 Ra5 32. Ba4 Na6 33. Rc6 Nb8
34. Rc7 Na6 35. Rb7 Be3 36. Re1 Nc5 37. Rb5 Rxb5 38. Bxb5 Bg5 39. Bc4 Bf6 40.
Re2 h5 41. Ra2 Bd4 42. Be1 Rb8 43. h4 Kf6 44. Bg3 Rb6 45. Ra7 Nb7 46. Ke2 Bg1
47. Ra1 Bd4 48. Ra2 Bg1 49. Ra1 Bd4 50. Ra7 1/2-1/2

[Event "Carnaval"]
[Site "Quebec CAN"]
[Date "2023.02.11"]
[Round "3"]
[White "Berube, Antoine"]
[Black "Coulombe, David"]
[Result "1-0"]
[WhiteElo "2166"]
[BlackElo "1398"]
[PlyCount "141"]
[EventDate "2023.02.10"]
[EventType "swiss"]
[EventRounds "5"]
[EventCountry "CAN"]

1. d4 g6 2. c4 Bg7 3. Nc3 Nf6 4. h4 d6 5. e4 O-O 6. Be2 e5 7. d5 Nbd7 8. h5 a5
9. g4 Nc5 10. f3 b6 11. Be3 Bd7 12. Qd2 Qe8 13. Nh3 Ba4 14. Bh6 c6 15. Nf2 cxd5
16. Nxd5 Nxd5 17. cxd5 Bb5 18. hxg6 fxg6 19. Bxg7 Rf4 20. Bh6 Bxe2 21. Qxe2 Rf7
22. Nd3 Nxd3+ 23. Qxd3 Qa4 24. Rc1 Qxa2 25. Qa3 Qxa3 26. bxa3 Rxf3 27. a4 Rg3
28. Kf2 Ra3 29. Rc4 Rb3 30. Rhc1 b5 31. Rc8+ Rxc8 32. Rxc8+ Kf7 33. Rc7+ Kg8
34. Rc8+ Kf7 35. Rc7+ Kg8 36. axb5 Rxb5 37. Rc8+ Kf7 38. Rc7+ Kg8 39. Ra7 Rb4
40. Ra8+ Kf7 41. Ra7+ Kg8 42. Kf3 Rb3+ 43. Be3 Ra3 44. Ra8+ Kf7 45. Ra7+ Kg8
46. Rd7 a4 47. Rxd6 Rc3 48. Rd8+ Kf7 49. Rd7+ Ke8 50. Rxh7 Kd8 51. Ra7 a3 52.
g5 Kc8 53. Ke2 Kb8 54. Ra4 Rc2+ 55. Kd3 Ra2 56. Bc1 Ra1 57. Bxa3 Kc8 58. Rc4+
Kd7 59. Bb2 Rg1 60. Bxe5 Rxg5 61. Kd4 Rg2 62. Rc7+ Ke8 63. Rg7 Kf8 64. d6 Rd2+
65. Kc5 Rc2+ 66. Kd5 Rd2+ 67. Ke6 g5 68. d7 g4 69. Rf7+ Kg8 70. Rg7+ Kf8 71.
Rh7 1-0

[Event "Carnaval"]
[Site "Quebec CAN"]
[Date "2023.02.11"]
[Round "3"]
[White "Courtemanche, Marc"]
[Black "Pichette, Mickaelin"]
[Result "1-0"]
[WhiteElo "1808"]
[BlackElo "1907"]
[PlyCount "171"]
[EventDate "2023.02.10"]
[EventType "swiss"]
[EventRounds "5"]
[EventCountry "CAN"]

1. e4 c6 2. d4 d5 3. Nc3 e6 4. Nf3 Bb4 5. e5 f6 6. Bd3 g6 7. Be3 Nd7 8. a3
Bxc3+ 9. bxc3 Ne7 10. h4 fxe5 11. dxe5 Qa5 12. Qd2 Nf5 13. Bf4 h5 14. g3 Nc5
15. O-O b5 16. Rfb1 Bb7 17. Ng5 Ke7 18. Rb4 Rad8 19. Be3 Na6 20. Rbb1 Qa4 21.
Nf3 Rd7 22. Bg5+ Ke8 23. Bf6 Rg8 24. Ng5 d4 25. Nxe6 dxc3 26. Qxc3 Qg4 27. Nf4
Nxg3 28. fxg3 Qxg3+ 29. Ng2 c5 30. Qd2 Nc7 31. Rxb5 Rxd3 32. cxd3 Nxb5 33. Qf2
Qxd3 34. Qxc5 Qd4+ 35. Qxd4 Nxd4 36. Nf4 Bf3 37. Kf2 Bg4 38. Rb1 Bc8 39. Rc1
Ba6 40. Rd1 Nc6 41. Ke3 Ne7 42. Ne6 Kf7 43. Ng5+ Ke8 44. Kf4 Bb7 45. Rb1 Bc8
46. Ne4 Nc6 47. Kg5 Kd7 48. Nc5+ Kc7 49. Rc1 Kb6 50. e6 Re8 51. Kxg6 Bxe6 52.
Kxh5 Bd5 53. Kg4 Kb5 54. Kf5 Bf7 55. a4+ Kb4 56. Nd3+ Kxa4 57. Rxc6 a5 58. Ne5
Kb5 59. Rc1 Be6+ 60. Kf4 Rf8 61. Kg5 a4 62. h5 a3 63. Ng6 Ra8 64. h6 Bg8 65.
Ne7 Bh7 66. Nd5 Rg8+ 67. Bg7 Rd8 68. Nc3+ Kb4 69. Ra1 Kb3 70. Kf4 Rd2 71. Ne4
Rh2 72. Ng5 Bg6 73. Nf3 Rh5 74. Nd2+ Kb4 75. Bf8+ Kc3 76. Nb1+ Kb3 77. Nd2+ Kc2
78. Nf3 Rf5+ 79. Kg4 Rxf8 80. Rxa3 Bd3 81. Ne1+ Kd2 82. Nxd3 Rg8+ 83. Kh4 Ke3
84. Ne5+ Kf4 85. h7 Rg1 86. h8=Q 1-0

[Event "Carnaval"]
[Site "Quebec CAN"]
[Date "2023.02.11"]
[Round "3"]
[White "Deboosere, Adam"]
[Black "Hudon, Claude"]
[Result "1-0"]
[WhiteElo "1864"]
[BlackElo "1956"]
[PlyCount "53"]
[EventDate "2023.02.10"]
[EventType "swiss"]
[EventRounds "5"]
[EventCountry "CAN"]

1. d4 Nf6 2. Nf3 g6 3. c4 Bg7 4. e3 O-O 5. Be2 d5 6. cxd5 Nxd5 7. e4 Nf6 8. Nc3
c6 9. h3 b5 10. Qc2 Bb7 11. O-O a5 12. Bf4 Na6 13. Rfd1 e6 14. d5 exd5 15. exd5
Nb4 16. Qb3 Nbxd5 17. Be5 a4 18. Qc2 Qa5 19. a3 Rfe8 20. Nxd5 Nxd5 21. Bxg7
Kxg7 22. Bf1 Qd8 23. Nd4 Qf6 24. b4 Rad8 25. Qc5 Rd7 26. Rac1 Ne7 27. Nf5+ 1-0

[Event "Carnaval"]
[Site "Quebec CAN"]
[Date "2023.02.11"]
[Round "3"]
[White "Latorre, Vincent"]
[Black "Drolet, Stephane"]
[Result "1-0"]
[WhiteElo "2196"]
[BlackElo "2129"]
[PlyCount "55"]
[EventDate "2023.02.10"]
[EventType "swiss"]
[EventRounds "5"]
[EventCountry "CAN"]

1. e4 e5 2. Nf3 Nf6 3. Nxe5 Nxe4 4. Qe2 Qe7 5. Qxe4 d6 6. d4 dxe5 7. dxe5 Nc6
8. Bb5 Bd7 9. O-O O-O-O 10. Nc3 Nxe5 11. Bxd7+ Rxd7 12. Be3 Nc6 13. Qf3 Qe6 14.
Rfe1 Qg6 15. Bf4 Bb4 16. a3 Nd4 17. Qh3 Bxc3 18. bxc3 Ne6 19. Be5 Rhd8 20. Rab1
Qxc2 21. Qf3 c6 22. Qxc6+ Rc7 23. Qb5 Rcd7 24. h3 Qd3 25. Qc6+ Rc7 26. Qa4 b5
27. Rxb5 Nc5 28. Qa5 1-0

[Event "Carnaval"]
[Site "Quebec CAN"]
[Date "2023.02.11"]
[Round "3"]
[White "Wiebe, Isaac"]
[Black "Belanger, Mathieu-Olivier"]
[Result "1-0"]
[WhiteElo "2195"]
[BlackElo "1972"]
[PlyCount "97"]
[EventDate "2023.02.10"]
[EventType "swiss"]
[EventRounds "5"]
[EventCountry "CAN"]

1. d4 Nf6 2. c4 e6 3. Nc3 d5 4. cxd5 exd5 5. Bg5 c6 6. Qc2 Na6 7. a3 Nc7 8. e3
Be7 9. Bd3 Ne6 10. Bh4 O-O 11. Bxf6 Bxf6 12. Bxh7+ Kh8 13. Bf5 Bxd4 14. Bxe6
Bxc3+ 15. Qxc3 Bxe6 16. Nf3 Bf5 17. O-O Re8 18. Rac1 Be4 19. Nd2 Qg5 20. Nxe4
Rxe4 21. Rfd1 Rh4 22. Rd4 Rh6 23. Rf4 Rd8 24. Rf3 d4 25. exd4 Rxd4 26. Re1 Qd5
27. Re8+ Kh7 28. Qc2+ f5 29. Re1 Re6 30. Rf1 g6 31. Rh3+ Kg7 32. Qc1 Rd2 33.
Qc3+ Rd4 34. Qc1 f4 35. Qc3 Re5 36. Qb3 Qd7 37. Qc3 Kf6 38. Re3 Qd5 39. Rxe5
Qxe5 40. Re1 Qd5 41. Qh3 Rd2 42. Qh8+ Kf5 43. Qc8+ Kf6 44. Qh8+ Kf5 45. Qf8+
Kg5 46. Qe7+ Kf5 47. h4 Kg4 48. Re5 Qf3 49. Qg5# 1-0

[Event "Carnaval"]
[Site "Quebec CAN"]
[Date "2023.02.11"]
[Round "4"]
[White "Courtemanche, Marc"]
[Black "Guillemette, Hugo"]
[Result "0-1"]
[WhiteElo "1808"]
[BlackElo "2104"]
[PlyCount "142"]
[EventDate "2023.02.10"]
[EventType "swiss"]
[EventRounds "5"]
[EventCountry "CAN"]

1. Nf3 c5 2. g3 b6 3. Bg2 Bb7 4. c4 e6 5. O-O Nf6 6. Nc3 d6 7. d3 Be7 8. e3 O-O
9. d4 cxd4 10. exd4 a6 11. h3 Qc7 12. d5 e5 13. Be3 Nbd7 14. Nd2 Rac8 15. Rc1
Qb8 16. Kh2 b5 17. cxb5 axb5 18. b4 Qa8 19. Nb3 e4 20. Nd4 Nxd5 21. Nxd5 Bxd5
22. Nf5 Bf6 23. Rxc8 Rxc8 24. Nxd6 Rd8 25. Qb1 Bxa2 26. Qxe4 Qxe4 27. Nxe4 Be7
28. Ra1 Bc4 29. Nc5 Ne5 30. Ra7 Bf8 31. Be4 f6 32. f4 Nd3 33. Bxd3 Bxd3 34. Ne6
Re8 35. Nxf8 Rxe3 36. Nd7 Re2+ 37. Kg1 Bf5 38. Nc5 Bxh3 39. Rb7 Rg2+ 40. Kh1
Rxg3 41. Rxb5 Bf1 42. Rb8+ Kf7 43. b5 Rh3+ 44. Kg1 Rh5 45. Rb7+ Kg6 46. Ne6
Bxb5 47. Nxg7 Rd5 48. Ne6 Kf5 49. Rb6 Bd7 50. Nf8 h5 51. Nh7 Be6 52. Nf8 Bg8
53. Rb8 h4 54. Kf2 h3 55. Kg3 Rd3+ 56. Kh2 Kg4 57. Rb2 Kxf4 58. Ng6+ Kg5 59.
Ne7 Be6 60. Re2 Bg4 61. Rf2 f5 62. Nc6 Rd5 63. Nb4 Rd6 64. Kg3 Rd4 65. Nc2 f4+
66. Kh2 Re4 67. Rd2 Kh4 68. Nd4 f3 69. Kg1 Re1+ 70. Kh2 Re2+ 71. Nxe2 fxe2 0-1

[Event "Carnaval"]
[Site "Quebec CAN"]
[Date "2023.02.11"]
[Round "4"]
[White "Hudon, Claude"]
[Black "Coulombe, David"]
[Result "1-0"]
[WhiteElo "1956"]
[BlackElo "1398"]
[PlyCount "42"]
[EventDate "2023.02.10"]
[EventType "swiss"]
[EventRounds "5"]
[EventCountry "CAN"]

1. d4 g6 2. e4 d6 3. Nf3 Bg7 4. Nc3 Nf6 5. Be3 O-O 6. Qd2 Re8 7. Bh6 Bh8 8. h4
Bg4 9. Ng5 Bg7 10. Bxg7 Kxg7 11. f3 Bh5 12. g4 Nxg4 13. fxg4 Bxg4 14. Be2 Qd7
15. O-O-O Nc6 16. Rdg1 Bxe2 17. Nxe2 e5 18. d5 Ne7 19. Ng3 h5 20. Nxh5+ gxh5
21. Ne6+ Kh7 1-0

[Event "Carnaval"]
[Site "Quebec CAN"]
[Date "2023.02.11"]
[Round "4"]
[White "Migot, Tangi"]
[Black "Berube, Antoine"]
[Result "1-0"]
[WhiteElo "2386"]
[BlackElo "2166"]
[PlyCount "231"]
[EventDate "2023.02.10"]
[EventType "swiss"]
[EventRounds "5"]
[EventCountry "CAN"]

1. Nf3 d5 2. g3 c6 3. Bg2 Bg4 4. c4 e6 5. cxd5 Bxf3 6. Bxf3 cxd5 7. O-O Nf6 8.
b3 Nc6 9. Bb2 Be7 10. Nc3 O-O 11. d4 Qd7 12. e3 Rac8 13. Qe2 Rfe8 14. Rfd1 Bb4
15. Na4 Qe7 16. a3 Bd6 17. b4 Nb8 18. Nc5 b6 19. Nb3 Rc7 20. Qd3 Rec8 21. Nd2
Nbd7 22. Qb3 b5 23. Qd3 a6 24. e4 dxe4 25. Nxe4 Nd5 26. Nc5 Ra8 27. a4 bxa4 28.
Rxa4 a5 29. Rxa5 Rxa5 30. bxa5 Nxc5 31. dxc5 Bxc5 32. Bxd5 exd5 33. Qxd5 h6 34.
Kg2 Bxf2 35. Be5 Rc2 36. Qa8+ Qf8 37. Qe4 Ra2 38. Qd5 Qa3 39. Qd8+ Qf8 40.
Qxf8+ Kxf8 41. Ra1 Rc2 42. Kf3 Bc5 43. g4 f6 44. Bb8 Rb2 45. Bg3 Kf7 46. a6 Kg6
47. a7 Bxa7 48. Rxa7 Rb5 49. Bd6 h5 50. gxh5+ Rxh5 51. Ke4 Kh7 52. Rc7 Kg6 53.
Rd7 Kh7 54. Bg3 Kg6 55. Rd8 Kf7 56. Rd5 Rh8 57. Kf4 Kg6 58. Kg4 Ra8 59. Bf4 Ra1
60. Rb5 Rg1+ 61. Bg3 Ra1 62. Rb6 Rc1 63. Rb3 Rc5 64. Bf4 Ra5 65. Rg3 Rb5 66.
Kf3+ Kf7 67. Rg1 Rb3+ 68. Be3 Rb5 69. Rg2 Ra5 70. Ke4 Re5+ 71. Kd4 Rh5 72. Bf4
Ra5 73. Bd6 Rh5 74. Bc5 Kg8 75. Kc4 Kf7 76. Kb5 Rh3 77. Kc6 Rd3 78. Bd6 Rc3+
79. Kd7 Re3 80. Rb2 Re1 81. Rb8 Ra1 82. Rb7 Ra8 83. Bb8 Ra2 84. Kd8+ Kg8 85.
Ke8 Re2+ 86. Re7 Rd2 87. Re4 Rd1 88. Ke7 Rb1 89. Bd6 Ra1 90. Ke6 Ra5 91. Rc4
Ra2 92. Kf5 Ra5+ 93. Rc5 Ra4 94. Bf4 Kh7 95. Rc7 Ra2 96. h4 Ra5+ 97. Kg4 Kg6
98. Rc6 Rb5 99. Bd2 Rd5 100. Be3 Re5 101. Rc3 Rb5 102. Bc5 Rb1 103. h5+ Kh7
104. Bd6 Ra1 105. Rc7 Rg1+ 106. Bg3 Kh6 107. Rc6 Rh1 108. Bf4+ Kh7 109. Rc7 Kg8
110. Rc1 Rxc1 111. Bxc1 Kh7 112. Kf5 Kg8 113. Kg6 Kh8 114. Ba3 Kg8 115. Bd6 Kh8
116. Bf8 1-0

[Event "Carnaval"]
[Site "Quebec CAN"]
[Date "2023.02.11"]
[Round "4"]
[White "Nicula, Marius"]
[Black "Latorre, Vincent"]
[Result "1-0"]
[WhiteElo "2218"]
[BlackElo "2196"]
[PlyCount "77"]
[EventDate "2023.02.10"]
[EventType "swiss"]
[EventRounds "5"]
[EventCountry "CAN"]

1. Nf3 Nf6 2. g3 b5 3. Bg2 Bb7 4. O-O e6 5. b3 c5 6. c4 b4 7. Bb2 Be7 8. a3 a5
9. d4 cxd4 10. axb4 axb4 11. Rxa8 Bxa8 12. Nxd4 Bxg2 13. Kxg2 O-O 14. Nd2 Na6
15. Qc2 Qa8+ 16. Kg1 Rc8 17. Ra1 Qb7 18. Qd3 Nc5 19. Qf3 Qxf3 20. N4xf3 Bd8 21.
Bd4 d6 22. Bxc5 dxc5 23. Ne5 Kf8 24. Ra7 Be7 25. Kf1 h6 26. e3 Ke8 27. Ke2 Nh7
28. h4 h5 29. Ne4 Nf6 30. Ng5 Bd6 31. Nexf7 Bb8 32. Rb7 Nd7 33. Ne4 Rc6 34.
Nfg5 Kd8 35. Rb5 Ra6 36. Nxc5 Ra2+ 37. Kf1 Nxc5 38. Rxc5 Ra3 39. Rb5 1-0

[Event "Carnaval"]
[Site "Quebec CAN"]
[Date "2023.02.12"]
[Round "5"]
[White "Berube, Antoine"]
[Black "Adam, Rafael"]
[Result "1/2-1/2"]
[WhiteElo "2166"]
[BlackElo "2179"]
[PlyCount "79"]
[EventDate "2023.02.10"]
[EventType "swiss"]
[EventRounds "5"]
[EventCountry "CAN"]

1. d4 Nf6 2. c4 e6 3. Nf3 Bb4+ 4. Nbd2 O-O 5. a3 Be7 6. e4 d6 7. Be2 Nfd7 8.
O-O e5 9. Nb1 a5 10. Nc3 exd4 11. Nxd4 Nc6 12. Be3 Bf6 13. Ndb5 Bxc3 14. Nxc3
Nc5 15. Qc2 f5 16. Rad1 Qe7 17. Nd5 Qf7 18. f3 a4 19. Qc3 b6 20. exf5 Bxf5 21.
Rfe1 Rfe8 22. Bf2 Rac8 23. Qd2 Ne7 24. Nc3 Nb3 25. Qg5 Bc2 26. Nxa4 Bxd1 27.
Rxd1 Qf5 28. Qxf5 Nxf5 29. Nc3 Nc5 30. b4 Ne6 31. Bd3 Ne7 32. Nb5 Ng6 33. Bf5
Ngf4 34. Kf1 g6 35. Be4 Nh5 36. Bb7 Rcd8 37. Bd5 Rc8 38. Na7 Rb8 39. Nc6 Rbc8
40. Na7 1/2-1/2